000 00402nam a22001697a 4500
003 MPLRDC
005 20220104113756.0
008 210129b ||||| |||| 00| 0 eng d
082 _a857.45 GY-6 v.3
100 _a高阳
245 _a胡雪严. 下
_c
260 _a
_b经济日报社
_c1973
300 _b
490 _a经济日报丛书
650 _a历史小说
942 _cBK
_o857.45 GY-6 v.3
999 _c2273
_d2263